[Event "ThEM  Hauptturnier"]
[Site "?"]
[Date "2000.04.22"]
[Round "6"]
[White "Dorn, Karl-Heinz"]
[Black "Taudte, Stefan"]
[Result "1/2-1/2"]
[WhiteElo "1904"]
[BlackElo "1888"]
[PlyCount "36"]
[EventDate "2000.??.??"]

1. e4 e6 2. d3 d5 3. Nd2 c5 4. Ngf3 Nc6 5. g3 Nf6 6. Bg2 Be7 7. O-O O-O 8. Re1
Qc7 9. Qe2 b6 10. e5 Ne8 11. Nf1 Bb7 12. Bf4 Nd4 13. Nxd4 cxd4 14. h4 Rc8 15.
Rac1 Qd7 16. Nh2 Qb5 17. c4 dxc3 18. bxc3 Ba6 1/2-1/2

[Event "ThEM  Hauptturnier"]
[Site "?"]
[Date "2000.04.22"]
[Round "6"]
[White "Rauhut, Frank"]
[Black "Umpfenbach, Carolin"]
[Result "0-1"]
[WhiteElo "1906"]
[BlackElo "1882"]
[PlyCount "56"]
[EventDate "2000.??.??"]

1. d4 d5 2. Nf3 c6 3. Bf4 e6 4. e3 f5 5. c4 Nf6 6. Nc3 Be7 7. Bd3 O-O 8. Qc2
Ne4 9. h4 Nd7 10. g4 Ndf6 11. gxf5 exf5 12. O-O-O Nxc3 13. Qxc3 Ne4 14. Qc2 Kh8
15. Rdg1 Qa5 16. Kb1 Be6 17. Ng5 Bg8 18. f3 Nd2+ 19. Kc1 Nxc4 20. Qg2 Bf6 21.
Bxf5 Qxa2 22. Bb1 Qa5 23. Qc2 Bxd4 24. exd4 Rxf4 25. Rg4 Ne3 26. Qd3 Nxg4 27.
fxg4 Qb4 28. h5 Qc4+ 0-1

[Event "ThEM  Hauptturnier"]
[Site "?"]
[Date "2000.04.22"]
[Round "6"]
[White "Bächer, Reinhard"]
[Black "Kirste, Olaf"]
[Result "1-0"]
[WhiteElo "1953"]
[BlackElo "1845"]
[PlyCount "55"]
[EventDate "2000.??.??"]

1. e4 c5 2. Nf3 e6 3. d4 cxd4 4. Nxd4 Nf6 5. Nc3 d6 6. f4 a6 7. Be3 Qc7 8. Be2
Be7 9. O-O b5 10. Bf3 Bb7 11. a3 O-O 12. Qe2 Rd8 13. Rad1 Nbd7 14. Kh1 Nc5 15.
Bc1 d5 16. e5 Nfe4 17. Nxe4 Nxe4 18. Bg4 g6 19. Rf3 Re8 20. Rh3 Bd8 21. Be3 Rc8
22. Qf3 Qe7 23. f5 exf5 24. Nxf5 gxf5 25. Bxf5 f6 26. Rxh7 Qxh7 27. Bxh7+ Kxh7
28. Qh5+ 1-0

[Event "ThEM  Hauptturnier"]
[Site "?"]
[Date "2000.04.22"]
[Round "6"]
[White "Steinmetzer, Peter"]
[Black "Gehlhaar, Christian"]
[Result "1/2-1/2"]
[WhiteElo "1922"]
[BlackElo "1775"]
[PlyCount "36"]
[EventDate "2000.??.??"]

1. e4 c5 2. Nf3 d6 3. d4 cxd4 4. Nxd4 Nf6 5. Nc3 g6 6. Be3 Bg7 7. f3 Nc6 8. Qd2
O-O 9. O-O-O Nxd4 10. Bxd4 Be6 11. Kb1 Qc7 12. g4 Rfc8 13. h4 Qa5 14. b3 Bxg4
15. fxg4 e5 16. Nd5 Qxd2 17. Nxf6+ Bxf6 18. Rxd2 exd4 1/2-1/2

[Event "ThEM  Hauptturnier"]
[Site "?"]
[Date "2000.04.22"]
[Round "6"]
[White "Lange, Corinna"]
[Black "Gräf, Michael"]
[Result "0-1"]
[WhiteElo "1747"]
[BlackElo "1920"]
[PlyCount "50"]
[EventDate "2000.??.??"]

1. e4 c6 2. f4 d5 3. Nc3 dxe4 4. Nxe4 Nf6 5. Nf2 e6 6. Nf3 Nbd7 7. g3 Bd6 8.
Bg2 O-O 9. O-O e5 10. fxe5 Nxe5 11. d4 Neg4 12. Nd3 Re8 13. Re1 Bf5 14. Bg5
Rxe1+ 15. Ndxe1 Qb6 16. h3 Ne5 17. g4 Bg6 18. Kh1 Nxf3 19. Bxf3 Ne4 20. Be3 Re8
21. Ng2 Ng3+ 22. Kg1 Qxb2 23. Rb1 Qxa2 24. Rxb7 Bxc2 25. Qd2 Qa6 0-1

[Event "ThEM  Hauptturnier"]
[Site "?"]
[Date "2000.04.22"]
[Round "6"]
[White "Gebuhr, Günter"]
[Black "Kreutzmann, Henry"]
[Result "1/2-1/2"]
[WhiteElo "1858"]
[BlackElo "1710"]
[PlyCount "135"]
[EventDate "2000.??.??"]

1. e4 e5 2. Nf3 Nc6 3. Bb5 a6 4. Ba4 d6 5. d4 exd4 6. Nxd4 Bd7 7. Nc3 Nf6 8.
O-O Be7 9. Nxc6 bxc6 10. h3 O-O 11. Qd3 d5 12. e5 Ne8 13. Be3 Qc8 14. Ne2 c5
15. Bxd7 Qxd7 16. Rad1 c6 17. b3 f6 18. f4 fxe5 19. fxe5 Nc7 20. Ng3 Qe6 21.
Nf5 Qxe5 22. Rde1 Bd6 23. Bf4 Qxf5 24. Qxf5 Rxf5 25. Bxd6 Rxf1+ 26. Kxf1 Nb5
27. Bxc5 Nc3 28. Re7 Ne4 29. Ra7 Rxa7 30. Bxa7 Kf7 31. a4 Ke6 32. Bd4 g6 33. g4
h5 34. Ke2 Ng5 35. h4 Ne4 36. Kf3 Nd6 37. Kf4 Ne4 38. Be3 hxg4 39. Kxg4 Ke5 40.
Kf3 Kf5 41. Bf4 Nf6 42. Bg5 Ne4 43. Be7 Ke5 44. Ke3 Ke6 45. Bd8 Ke5 46. Bc7+
Kf5 47. Kd4 Ke6 48. b4 Kd7 49. Bf4 Ke6 50. c4 Kf5 51. Bc7 dxc4 52. Kxc4 g5 53.
h5 g4 54. h6 Kg6 55. Bf4 g3 56. Bxg3 Kxh6 57. Kd4 Nxg3 58. Kc5 Ne4+ 59. Kxc6
Nc3 60. a5 Kg6 61. Kb6 Nd5+ 62. Kxa6 Nxb4+ 63. Kb5 Nd5 64. Kc5 Nc7 65. Kb6 Nd5+
66. Kc6 Nb4+ 67. Kc5 Na6+ 68. Kb6 1/2-1/2

[Event "ThEM  Hauptturnier"]
[Site "?"]
[Date "2000.04.22"]
[Round "6"]
[White "Pfitzenreuter, Gerald"]
[Black "Krug, Klaus-Peter"]
[Result "0-1"]
[WhiteElo "2035"]
[BlackElo "1931"]
[PlyCount "70"]
[EventDate "2000.??.??"]

1. d4 d6 2. c4 f5 3. Nc3 g6 4. Nf3 Bg7 5. g3 Nd7 6. e4 fxe4 7. Nxe4 Ndf6 8. Nc3
c6 9. Bg2 Nh6 10. O-O O-O 11. Re1 Nf7 12. Qe2 Re8 13. d5 c5 14. Bg5 Bg4 15. Qd2
Bxf3 16. Bxf3 a6 17. Bg2 Qd7 18. h4 Ne5 19. b3 Qf5 20. Rad1 Nf3+ 21. Bxf3 Qxf3
22. Qd3 Qxd3 23. Rxd3 h6 24. Bd2 Ng4 25. Kg2 Bd4 26. f4 b5 27. Ne2 Bf6 28. Bc3
e5 29. fxe5 Bxe5 30. Nf4 bxc4 31. bxc4 Bxf4 32. Rxe8+ Rxe8 33. gxf4 Ne3+ 34.
Kf3 Nxc4 35. Be1 Rxe1 0-1

[Event "ThEM  Hauptturnier"]
[Site "?"]
[Date "2000.04.22"]
[Round "6"]
[White "Grüner, Nico"]
[Black "Thielen, Dieter"]
[Result "0-1"]
[WhiteElo "1089"]
[BlackElo "1881"]
[PlyCount "58"]
[EventDate "2000.??.??"]

1. e4 e6 2. d4 d5 3. exd5 exd5 4. Nf3 Bg4 5. Bd3 Bd6 6. O-O Ne7 7. Be3 Nd7 8.
Nbd2 c5 9. c4 Qb6 10. Qe1 O-O 11. Rc1 Rfe8 12. Qd1 Bf5 13. Be2 Be4 14. cxd5
Bxd5 15. Nc4 Bxc4 16. Bxc4 Nf5 17. Qd3 Nxe3 18. fxe3 Re7 19. Ng5 Bxh2+ 20. Kh1
Qh6 21. Nxf7 Rxf7 22. Rxf7 Kh8 23. Rf3 Bg3+ 24. Kg1 Qh2+ 25. Kf1 Qh1+ 26. Ke2
Qxg2+ 27. Kd1 Qxf3+ 28. Kc2 Nf6 29. dxc5 Qe4 0-1

[Event "ThEM  Hauptturnier"]
[Site "?"]
[Date "2000.04.22"]
[Round "6"]
[White "Böhl, Dietmar"]
[Black "Peil, Jörg"]
[Result "1-0"]
[WhiteElo "1800"]
[BlackElo "1817"]
[PlyCount "91"]
[EventDate "2000.??.??"]

1. e4 g6 2. d4 Bg7 3. Nf3 d6 4. Bf4 Nf6 5. Nc3 b6 6. Bc4 Bb7 7. Qe2 Nh5 8. Be3
c5 9. O-O-O cxd4 10. Bxd4 O-O 11. Bxg7 Nxg7 12. e5 Nc6 13. Ne4 Na5 14. Bd5 Ne8
15. h4 Bxd5 16. Rxd5 e6 17. Rxd6 Nxd6 18. Nxd6 h6 19. Qe3 Kg7 20. g4 Qe7 21. g5
h5 22. Qe4 Rab8 23. Rd1 Nb7 24. Qd4 Kg8 25. Nd2 Qc7 26. N2e4 Kg7 27. Nf6 Ra8
28. Qf4 Nc5 29. Kb1 a6 30. Rg1 Rh8 31. Qf3 Rab8 32. Rd1 a5 33. a3 Qe7 34. Qc6
Rhd8 35. Rd4 Nb7 36. Qxb6 Nxd6 37. exd6 Qb7 38. Qxb7 Rxb7 39. d7 Kf8 40. c4 Ke7
41. c5 Rbxd7 42. Rxd7+ Rxd7 43. Nxd7 Kxd7 44. b4 f6 45. gxf6 g5 46. c6+ 1-0

[Event "ThEM  Hauptturnier"]
[Site "?"]
[Date "2000.04.22"]
[Round "6"]
[White "Manger, Erika"]
[Black "Siegl, Detlef"]
[Result "0-1"]
[WhiteElo "1310"]
[BlackElo "1718"]
[PlyCount "84"]
[EventDate "2000.??.??"]

1. c4 e5 2. Nc3 Nf6 3. g3 d5 4. cxd5 Nxd5 5. Bg2 Nb6 6. e3 Be7 7. Nge2 Nc6 8.
O-O O-O 9. d4 exd4 10. exd4 Nb4 11. a3 N4d5 12. Qc2 c6 13. Nxd5 Nxd5 14. Nc3
Be6 15. Be3 Rc8 16. Rac1 Qd7 17. Ne4 Bf5 18. Nc5 Nxe3 19. fxe3 Bxc5 20. Qxf5
Qxf5 21. Rxf5 Be7 22. Bh3 Rcd8 23. Rd1 Bf6 24. Rf2 Rfe8 25. Rf3 Re7 26. b4 Bg5
27. Kf2 Rde8 28. Rd3 h5 29. Bf1 h4 30. g4 g6 31. Rc3 a6 32. Bc4 Kg7 33. d5 b5
34. Bb3 cxd5 35. Bxd5 Ra7 36. e4 Bf6 37. Rc6 Be5 38. h3 g5 39. Rb6 Bd4+ 40. Ke2
Bxb6 41. Rd3 Rc7 42. Kf3 Rec8 0-1

[Event "ThEM  Meisterturnier"]
[Site "?"]
[Date "2000.04.22"]
[Round "6"]
[White "Fischer, Kay"]
[Black "Manger, Hans-Gerald"]
[Result "1/2-1/2"]
[WhiteElo "2009"]
[BlackElo "2011"]
[PlyCount "84"]
[EventDate "2000.??.??"]

1. d4 d5 2. Nc3 Nf6 3. e4 dxe4 4. f3 exf3 5. Nxf3 e6 6. Bd3 Be7 7. O-O b6 8.
Ne4 Bb7 9. Nxf6+ Bxf6 10. c3 Nc6 11. Qe2 Qe7 12. Bf4 O-O-O 13. b4 g5 14. Be5
Bxe5 15. Nxe5 f6 16. Nxc6 Bxc6 17. a4 e5 18. a5 e4 19. axb6 cxb6 20. Bb5 Rd6
21. Qc4 Qc7 22. Rxa7 Qxa7 23. Bxc6 Kb8 24. b5 Rc8 25. d5 e3 26. Qd4 Rcxc6 27.
bxc6 b5 28. Rb1 Qxd4 29. Rxb5+ Kc8 30. cxd4 f5 31. Kf1 f4 32. Ke2 Rf6 33. h3 h5
34. Kf3 Rg6 35. d6 Rxd6 36. Rxg5 Rxd4 37. Rxh5 Kc7 38. Rc5 Rd1 39. Rc2 Rf1+ 40.
Ke2 Rf2+ 41. Kd3 Rxc2 42. Kxc2 Kxc6 1/2-1/2

[Event "ThEM  Meisterturnier"]
[Site "?"]
[Date "2000.04.22"]
[Round "6"]
[White "Pähtz, Thomas"]
[Black "Krämer, Martin"]
[Result "1-0"]
[WhiteElo "2213"]
[BlackElo "1823"]
[PlyCount "59"]
[EventDate "2000.??.??"]

1. c4 Nf6 2. Nc3 g6 3. g3 Bg7 4. Bg2 O-O 5. d3 d6 6. e4 Nc6 7. Nge2 e5 8. O-O
Ne7 9. f3 c6 10. d4 Qc7 11. Be3 Nd7 12. f4 f5 13. c5 exd4 14. cxd6 Qxd6 15.
Nxd4 Nb6 16. Qb3+ Kh8 17. Rfd1 Qc7 18. Rac1 fxe4 19. Nxe4 Nbd5 20. Bf2 Qb8 21.
Qa3 Nf5 22. Ng5 Nc7 23. g4 Nxd4 24. Bxd4 Bxd4+ 25. Rxd4 Ne6 26. Re1 c5 27. Nxe6
Bxe6 28. Qxc5 Re8 29. Rde4 Bf7 30. Rxe8+ 1-0

[Event "ThEM  Meisterturnier"]
[Site "?"]
[Date "2000.04.22"]
[Round "6"]
[White "Sieber, Stephan"]
[Black "Seidel, Thomas"]
[Result "1/2-1/2"]
[WhiteElo "2005"]
[BlackElo "1923"]
[PlyCount "64"]
[EventDate "2000.??.??"]

1. e4 c5 2. Nf3 d6 3. d4 cxd4 4. Nxd4 Nf6 5. Nc3 a6 6. Be3 Ng4 7. Bg5 Nc6 8.
Nd5 h6 9. Bc1 e6 10. Nxc6 bxc6 11. Qxg4 exd5 12. Qe2 dxe4 13. Qxe4+ Qe7 14.
Qxe7+ Bxe7 15. Bf4 O-O 16. O-O-O d5 17. c4 Be6 18. cxd5 Bxd5 19. b3 Ba3+ 20.
Kc2 a5 21. Bc4 Bxg2 22. Rhg1 Be4+ 23. Kc3 Kh7 24. Rd7 Rad8 25. Rgd1 Bd5 26.
Rxd8 Rxd8 27. Bxd5 cxd5 28. Kd4 a4 29. Rd3 Bb2+ 30. Kc5 g5 31. Be3 axb3 32.
axb3 Be5 1/2-1/2

[Event "ThEM  Meisterturnier"]
[Site "?"]
[Date "2000.04.22"]
[Round "6"]
[White "Hänsel, Thomas"]
[Black "Recknagel, Michael"]
[Result "1/2-1/2"]
[WhiteElo "2221"]
[BlackElo "2212"]
[PlyCount "79"]
[EventDate "2000.??.??"]

1. e4 e5 2. Nf3 Nc6 3. Nc3 Nf6 4. Bb5 Bb4 5. O-O O-O 6. d3 d6 7. Bg5 Bxc3 8.
bxc3 Qe7 9. Re1 Nd8 10. d4 Ne6 11. Bc1 Rd8 12. Rb1 c6 13. Bf1 b6 14. g3 c5 15.
d5 Nc7 16. c4 Rf8 17. Nh4 Nce8 18. Qd3 Kh8 19. Bg5 Qc7 20. Bd2 Ng8 21. f4 Ne7
22. f5 f6 23. g4 g5 24. fxg6 hxg6 25. Qh3 Kg8 26. Rb3 Rf7 27. Qg3 Rh7 28. Rf3
g5 29. Nf5 Ng6 30. Bd3 Ng7 31. Ref1 Nxf5 32. gxf5 Nh4 33. R3f2 Bd7 34. Kh1 Kf7
35. Be2 Rg8 36. Re1 Be8 37. Qa3 Kf8 38. Qc1 Bh5 39. Bxh5 Rxh5 40. Qd1 1/2-1/2

[Event "ThEM  Meisterturnier"]
[Site "?"]
[Date "2000.04.22"]
[Round "6"]
[White "Rohmeiß, Roberto"]
[Black "Kirschbaum, Gunnar"]
[Result "1-0"]
[WhiteElo "2153"]
[BlackElo "2111"]
[PlyCount "127"]
[EventDate "2000.??.??"]

1. d4 d6 2. c4 e5 3. d5 f5 4. Nc3 Nf6 5. Nf3 Be7 6. Qc2 O-O 7. g3 c6 8. Bg2
cxd5 9. cxd5 Na6 10. O-O Kh8 11. a3 Qc7 12. Rd1 Ne4 13. Be3 Nxc3 14. Qxc3 Qxc3
15. bxc3 Bd7 16. Nxe5 Ba4 17. Rd4 Bb5 18. Nd3 Bf6 19. Nf4 Nc5 20. Rb1 Ba6 21.
Rd2 Bxc3 22. Rc2 Na4 23. Ne6 Rfc8 24. Bf4 Bf6 25. Nc7 Bxe2 26. Rxb7 Ba6 27.
Nxa8 Bxb7 28. Rxc8+ Bxc8 29. Bxd6 Bb7 30. Nc7 Nb6 31. Bc5 Be5 32. d6 Bxg2 33.
Kxg2 Nd7 34. Bxa7 Bxd6 35. Nb5 Be7 36. a4 Bb4 37. Kf3 Ne5+ 38. Kf4 Nd3+ 39.
Kxf5 Nb2 40. Bd4 Nxa4 41. Nc7 Kg8 42. h4 Bc5 43. Be3 Kf7 44. Ne6 Be7 45. Ng5+
Bxg5 46. hxg5 Nc3 47. Ke5 Nb5 48. f4 Nc7 49. Kd6 Nb5+ 50. Kc5 Nc3 51. Kc4 Ne4
52. g4 Nd6+ 53. Kd5 Nb5 54. Bb6 Nc3+ 55. Ke5 Nb5 56. Ba5 Na7 57. Kd5 Nb5 58.
Kc5 Na3 59. Bd2 Ke6 60. f5+ Kf7 61. Be1 Nc2 62. Bf2 h6 63. g6+ Kf6 64. Bh4+ 1-0

[Event "ThEM  Hauptturnier"]
[Site "?"]
[Date "2000.04.23"]
[Round "7"]
[White "Umpfenbach, Carolin"]
[Black "Wiegner, Denis"]
[Result "1/2-1/2"]
[WhiteElo "1882"]
[BlackElo "2194"]
[PlyCount "52"]
[EventDate "2000.??.??"]

1. d4 Nf6 2. c4 e6 3. Nc3 d5 4. Bg5 Be7 5. Nf3 O-O 6. e3 h6 7. Bh4 b6 8. cxd5
Nxd5 9. Bxe7 Qxe7 10. Nxd5 exd5 11. Bd3 Be6 12. O-O c5 13. dxc5 bxc5 14. Rc1
Nd7 15. Qe2 Bg4 16. h3 Bh5 17. g4 Bg6 18. Rfd1 Be4 19. Nd2 f5 20. Bb5 fxg4 21.
Nxe4 Ne5 22. Ng3 Qh4 23. Qf1 Nf3+ 24. Kh1 Ng5 25. Rc2 Nxh3 26. Kg2 Qf6 1/2-1/2

[Event "ThEM  Hauptturnier"]
[Site "?"]
[Date "2000.04.23"]
[Round "7"]
[White "Fuchs, Antje"]
[Black "Dorn, Karl-Heinz"]
[Result "0-1"]
[WhiteElo "2012"]
[BlackElo "2003"]
[PlyCount "80"]
[EventDate "2000.??.??"]

1. e4 e5 2. Nf3 Nc6 3. Bb5 g6 4. O-O Bg7 5. c3 Nge7 6. d4 exd4 7. cxd4 d5 8.
exd5 Nxd5 9. Re1+ Be6 10. Ne5 O-O 11. Nxc6 bxc6 12. Bxc6 Rb8 13. Nc3 Nb4 14. d5
Bf5 15. Ba4 h5 16. Bb3 Qh4 17. Re2 Nd3 18. Bc2 Nxb2 19. Bxb2 Rxb2 20. Bxf5 Bxc3
21. g3 Qf6 22. Bc2 Rxc2 23. Qxc2 Bxa1 24. Qxc7 Bd4 25. d6 Bb6 26. Qc6 h4 27.
gxh4 Qxh4 28. d7 Qh3 29. Re8 Qg4+ 30. Kf1 Qd1+ 31. Kg2 Qd4 32. Kh3 Kg7 33. Qc8
Qxf2 34. Qc3+ f6 35. Rxf8 Kxf8 36. Qc8+ Kg7 37. Qb7 Qe3+ 38. Kg2 Qf2+ 39. Kh3
Qe3+ 40. Kg2 Bd8 0-1

[Event "ThEM  Hauptturnier"]
[Site "?"]
[Date "2000.04.23"]
[Round "7"]
[White "Gräf, Michael"]
[Black "Taudte, Stefan"]
[Result "1-0"]
[WhiteElo "1920"]
[BlackElo "2003"]
[PlyCount "89"]
[EventDate "2000.??.??"]

1. d4 Nf6 2. Nf3 c5 3. c3 e6 4. e3 d5 5. Bd3 Nc6 6. Nbd2 c4 7. Bc2 b5 8. O-O
Be7 9. e4 dxe4 10. Nxe4 Bb7 11. Re1 Nd5 12. Nfg5 h6 13. Qh5 g6 14. Qh3 Bc8 15.
Nf3 f5 16. Neg5 Qd6 17. Ne5 Nxe5 18. dxe5 Qb6 19. Nf3 Bb7 20. Nd4 Bc5 21. Be3
Nxe3 22. Qxe3 Rd8 23. Rad1 Kf7 24. h4 b4 25. Qf4 Bxd4 26. cxd4 Rdg8 27. Qe3 Qb5
28. d5 exd5 29. Qxa7 Ra8 30. e6+ Ke7 31. Qd4 Rhg8 32. Qf4 Qc6 33. Qxh6 Kd6 34.
Qf4+ Kc5 35. Qd4+ Kb5 36. a4+ Ka6 37. b3 Rgd8 38. e7 Rd6 39. e8=Q Rxe8 40. Rxe8
Qxe8 41. bxc4 Re6 42. cxd5 Re1+ 43. Rxe1 Qxe1+ 44. Kh2 Qc3 45. Bd3+ 1-0

[Event "ThEM  Hauptturnier"]
[Site "?"]
[Date "2000.04.23"]
[Round "7"]
[White "Rudnizki, Sergej"]
[Black "Bächer, Reinhard"]
[Result "1-0"]
[WhiteElo "1975"]
[BlackElo "1953"]
[PlyCount "45"]
[EventDate "2000.??.??"]

1. e4 c5 2. Nf3 Nc6 3. d4 cxd4 4. Nxd4 Nf6 5. Nc3 d6 6. Bg5 e6 7. Qd2 a6 8.
O-O-O Bd7 9. f4 Be7 10. Nb3 b5 11. Bxf6 gxf6 12. Kb1 b4 13. Ne2 a5 14. Ned4
Nxd4 15. Nxd4 Qb8 16. Be2 a4 17. Rhf1 b3 18. cxb3 axb3 19. a3 O-O 20. Rf3 Ba4
21. f5 Rc8 22. Qh6 Bf8 23. Rg3+ 1-0

[Event "ThEM  Hauptturnier"]
[Site "?"]
[Date "2000.04.23"]
[Round "7"]
[White "Krug, Klaus-Peter"]
[Black "Thielen, Dieter"]
[Result "1/2-1/2"]
[WhiteElo "1931"]
[BlackElo "1881"]
[PlyCount "136"]
[EventDate "2000.??.??"]

1. e4 e6 2. d3 d5 3. Nd2 c5 4. g3 Nc6 5. Bg2 Nf6 6. Ne2 Be7 7. O-O O-O 8. a4 b6
9. h3 Bb7 10. f4 dxe4 11. dxe4 Na5 12. Nc3 Qd7 13. Qe2 Rad8 14. Nf3 Qc8 15. Ne5
Nc6 16. Nxc6 Bxc6 17. Be3 Qb7 18. Bf2 Rd7 19. Rfd1 Rfd8 20. Rd3 Rxd3 21. cxd3
Qa6 22. Bf1 b5 23. axb5 Qxa1 24. bxc6 Qa6 25. d4 Qxc6 26. d5 exd5 27. exd5 Qb7
28. Bg2 Bd6 29. Nb5 a6 30. Nxd6 Rxd6 31. Bxc5 Rxd5 32. b4 Qc8 33. Bxd5 Nxd5 34.
Qe5 Nf6 35. g4 h6 36. Kf2 Qd7 37. Ke2 Qb5+ 38. Ke3 Qc4 39. Kf3 Qd3+ 40. Qe3
Qd5+ 41. Ke2 Qg2+ 42. Kd3 Qd5+ 43. Kc2 Qa2+ 44. Kd3 Qb3+ 45. Kd2 Qd5+ 46. Kc1
Qc4+ 47. Kb2 Ne4 48. Qc1 Qe2+ 49. Qc2 Qf3 50. Be3 Nd6 51. Bd2 Qd5 52. Kb1 Nc4
53. Bc1 Qb5 54. Qc3 a5 55. Bb2 Nxb2 56. Kxb2 Qxb4+ 57. Qxb4 axb4 58. Kb3 Kh7
59. Kxb4 Kg6 60. Kc4 h5 61. Kd5 hxg4 62. hxg4 f5 63. g5 Kh5 64. Ke6 Kg4 65. Kf7
Kxf4 66. g6 Ke3 67. Kxg7 f4 68. Kh6 f3 1/2-1/2

[Event "ThEM  Hauptturnier"]
[Site "?"]
[Date "2000.04.23"]
[Round "7"]
[White "Kreutzmann, Henry"]
[Black "Steinmetzer, Peter"]
[Result "1/2-1/2"]
[WhiteElo "1710"]
[BlackElo "1922"]
[PlyCount "38"]
[EventDate "2000.??.??"]

1. Nf3 d5 2. b3 c5 3. Bb2 Nf6 4. e3 Nc6 5. d4 Bg4 6. Be2 e6 7. O-O Bxf3 8. Bxf3
cxd4 9. Bxd4 Nxd4 10. Qxd4 Be7 11. Nd2 O-O 12. c4 Nd7 13. Rac1 Bf6 14. Qd3 Ne5
15. Qe2 Nxf3+ 16. Nxf3 dxc4 17. Rxc4 b5 18. Rc6 Qd5 19. Rfc1 Be7 1/2-1/2

[Event "ThEM  Hauptturnier"]
[Site "?"]
[Date "2000.04.23"]
[Round "7"]
[White "Kirste, Olaf"]
[Black "Rauhut, Frank"]
[Result "0-1"]
[WhiteElo "1845"]
[BlackElo "1906"]
[PlyCount "44"]
[EventDate "2000.??.??"]

1. c4 Nf6 2. Nc3 c6 3. e4 e5 4. Bd3 d5 5. cxd5 cxd5 6. Qe2 d4 7. Nd5 Nxd5 8.
exd5 Bd6 9. f4 O-O 10. f5 e4 11. Bxe4 Qh4+ 12. Kd1 Re8 13. d3 Bxf5 14. Nf3 Qd8
15. Ng5 Bxe4 16. dxe4 h6 17. Nf3 Nd7 18. Re1 Nc5 19. e5 Bxe5 20. Nxe5 Qxd5 21.
Bf4 f6 22. Qc4 Rxe5 0-1

[Event "ThEM  Hauptturnier"]
[Site "?"]
[Date "2000.04.23"]
[Round "7"]
[White "Petiko, Jakob"]
[Black "Gebuhr, Günter"]
[Result "1-0"]
[WhiteElo "1888"]
[BlackElo "1858"]
[PlyCount "87"]
[EventDate "2000.??.??"]

1. e4 c5 2. Nc3 Nc6 3. g3 g6 4. Bg2 Bg7 5. d3 d6 6. Be3 e5 7. Qd2 Nge7 8. Bh6
O-O 9. h4 Nd4 10. Bxg7 Kxg7 11. h5 Rh8 12. Nd1 f6 13. c3 Ndc6 14. Ne3 Be6 15.
Nd5 Qd7 16. Ne2 Raf8 17. O-O-O Nd8 18. f4 Nxd5 19. exd5 Bg4 20. h6+ Kf7 21.
fxe5 dxe5 22. Qe3 b6 23. Rdf1 Bxe2 24. Qxe2 Qd6 25. Rf2 Ke7 26. d4 cxd4 27.
cxd4 Nf7 28. Kb1 Ng5 29. Re1 Nf7 30. Qa6 Qd7 31. d6+ Qxd6 32. Qxa7+ Qd7 33.
Qxb6 Qd6 34. Qxd6+ Kxd6 35. Rxf6+ Ke7 36. dxe5 Nxh6 37. Ra6 Rf2 38. Bd5 Rb8 39.
Ra7+ Ke8 40. b3 Rd8 41. Bc6+ Kf8 42. e6 Nf5 43. Rf7+ Kg8 44. e7 1-0

[Event "ThEM  Hauptturnier"]
[Site "?"]
[Date "2000.04.23"]
[Round "7"]
[White "Gehlhaar, Christian"]
[Black "Lange, Corinna"]
[Result "1/2-1/2"]
[WhiteElo "1775"]
[BlackElo "1747"]
[PlyCount "33"]
[EventDate "2000.??.??"]

1. e4 e6 2. d4 d5 3. e5 c5 4. c3 Nc6 5. Nf3 Qb6 6. a3 cxd4 7. cxd4 Nge7 8. Be2
Nf5 9. Kf1 Be7 10. b4 a6 11. g4 Nh4 12. Nxh4 Bxh4 13. Be3 f6 14. Bd3 O-O 15.
exf6 Bxf6 16. g5 Bxd4 17. Qh5 1/2-1/2

[Event "ThEM  Hauptturnier"]
[Site "?"]
[Date "2000.04.23"]
[Round "7"]
[White "Siegl, Detlef"]
[Black "Böhl, Dietmar"]
[Result "1-0"]
[WhiteElo "1718"]
[BlackElo "1800"]
[PlyCount "57"]
[EventDate "2000.??.??"]

1. e4 c5 2. Nf3 d6 3. d4 cxd4 4. Nxd4 Nf6 5. Nc3 g6 6. f3 Bg7 7. Be3 O-O 8. Qd2
Nc6 9. O-O-O d5 10. exd5 Nxd5 11. Nxc6 bxc6 12. Bd4 e5 13. Bc5 Be6 14. Bc4 Nxc3
15. Qxc3 Qg5+ 16. Be3 Qe7 17. Bxe6 Qxe6 18. Qb3 Qd7 19. Qc4 Rfb8 20. Rhe1 Rb5
21. Re2 Qb7 22. b3 a5 23. a4 Rb4 24. Qd3 Rb8 25. Qd7 Qa8 26. Red2 Bf6 27. Bh6
Rh4 28. Qd6 Rxh6 29. Qxf6 1-0

[Event "ThEM  Hauptturnier"]
[Site "?"]
[Date "2000.04.23"]
[Round "7"]
[White "Grüner, Nico"]
[Black "Pfitzenreuter, Gerald"]
[Result "0-1"]
[WhiteElo "1089"]
[BlackElo "2035"]
[PlyCount "72"]
[EventDate "2000.??.??"]

1. e4 c5 2. Nf3 d6 3. d4 cxd4 4. Nxd4 Nf6 5. Nc3 g6 6. Be3 Bg7 7. Be2 O-O 8.
O-O Nc6 9. f4 Qb6 10. Kh1 Nxe4 11. Nxc6 Qxc6 12. Nxe4 Qxe4 13. Qd2 Bf5 14. c3
Qc6 15. Bd3 Bxd3 16. Qxd3 Rac8 17. f5 Qc4 18. Qc2 d5 19. fxg6 hxg6 20. Rf4 d4
21. Bd2 e5 22. Rh4 Qc6 23. Rf1 Rfe8 24. Bh6 Bxh6 25. Rxh6 Kg7 26. Rxf7+ Kxf7
27. Qf2+ Ke7 28. Qh4+ Kd7 29. Qg4+ Re6 30. Rxg6 Rce8 31. h4 dxc3 32. bxc3 Kc7
33. Rg7+ Kb8 34. Qb4 e4 35. Rg4 e3 36. Rc4 Qxc4 0-1

[Event "ThEM  Hauptturnier"]
[Site "?"]
[Date "2000.04.23"]
[Round "7"]
[White "Peil, Jörg"]
[Black "Manger, erika"]
[Result "1-0"]
[WhiteElo "1817"]
[BlackElo "1310"]
[PlyCount "87"]
[EventDate "2000.??.??"]

1. c4 c5 2. Nc3 Nc6 3. e4 g6 4. d3 Bg7 5. Be3 d6 6. Qd2 e6 7. g3 Nge7 8. Bg2
O-O 9. h4 Nd4 10. h5 d5 11. hxg6 fxg6 12. Bh6 Rf7 13. Bxg7 Rxg7 14. exd5 exd5
15. Nxd5 Nec6 16. O-O-O Rb8 17. Nh3 Bg4 18. Rdf1 Bf3 19. Bxf3 Nxf3 20. Qe3 Ncd4
21. Ng1 Qf8 22. Nxf3 Nxf3 23. Qe6+ Kh8 24. Nf4 Re8 25. Nxg6+ Rxg6 26. Qxg6 Re7
27. Rh6 Ne5 28. Qf6+ Qxf6 29. Rxf6 Nxd3+ 30. Kc2 Nb4+ 31. Kb1 Kg7 32. Rd6 Nc6
33. Rd5 b6 34. Rfd1 Nd4 35. f4 Kg6 36. Rg5+ Kf6 37. b4 Nf3 38. Rd6+ Kf7 39.
Rf5+ Kg7 40. bxc5 bxc5 41. Rxc5 Re1+ 42. Kc2 Re2+ 43. Kc3 Re3+ 44. Rd3 1-0

[Event "ThEM Meisterturnier"]
[Site "?"]
[Date "2000.04.23"]
[Round "7"]
[White "Krämer, Martin"]
[Black "Fischer, Kay"]
[Result "1/2-1/2"]
[WhiteElo "1823"]
[BlackElo "2009"]
[PlyCount "47"]
[EventDate "2000.??.??"]

1. e4 Nc6 2. d4 d5 3. exd5 Qxd5 4. Nf3 Bg4 5. Be2 e6 6. O-O Nf6 7. c4 Qd7 8.
Be3 Be7 9. Nbd2 O-O 10. a3 a5 11. Rc1 Bf5 12. h3 Ne4 13. Nxe4 Bxe4 14. Ne5 Nxe5
15. dxe5 Qc6 16. f3 Rfd8 17. Qe1 Bd3 18. Kh1 Bxe2 19. Qxe2 Rd7 20. Rfd1 Rad8
21. Rxd7 Qxd7 22. Rc2 Qd1+ 23. Kh2 Qxe2 24. Rxe2 1/2-1/2

[Event "ThEM  Meisterturnier"]
[Site "?"]
[Date "2000.04.23"]
[Round "7"]
[White "Recknagel, Michael"]
[Black "Sieber, Stephan"]
[Result "1-0"]
[WhiteElo "2212"]
[BlackElo "2005"]
[PlyCount "65"]
[EventDate "2000.??.??"]

1. e4 c5 2. b3 Nc6 3. Bb2 e5 4. f4 exf4 5. Nf3 d5 6. exd5 Qxd5 7. Bc4 Qd6 8.
O-O Bg4 9. Bxf7+ Kxf7 10. Ng5+ Kg6 11. Qxg4 Nh6 12. Qh4 Nf5 13. Qh3 Kxg5 14. g4
Nfd4 15. Nc3 Qh6 16. Qd3 Qg6 17. Ne4+ Kxg4 18. Bxd4 Rd8 19. Kh1 Rxd4 20. Nf2+
Kg5 21. Rg1+ Kf6 22. Rxg6+ hxg6 23. Qe2 Bd6 24. Ne4+ Kf5 25. Re1 Be7 26. c3 Rd5
27. Nf2 Re5 28. Qg4+ Kf6 29. Qxf4+ Rf5 30. Qe4 Rxf2 31. Qe6+ Kg5 32. Rg1+ Kf4
33. Qe3+ 1-0

[Event "ThEM  Meisterturnier"]
[Site "?"]
[Date "2000.04.23"]
[Round "7"]
[White "Manger, Hans-Gerald"]
[Black "Hänsel, Thomas"]
[Result "0-1"]
[WhiteElo "2011"]
[BlackElo "2221"]
[PlyCount "58"]
[EventDate "2000.??.??"]

1. d4 Nf6 2. c4 g6 3. Nc3 Bg7 4. e4 d6 5. h3 O-O 6. Bd3 e5 7. d5 Nh5 8. g4 Nf4
9. Bxf4 exf4 10. Qc2 Nd7 11. Nf3 Ne5 12. Nxe5 Bxe5 13. O-O-O Bd7 14. Rdg1 Qh4
15. Nb1 b5 16. Qe2 bxc4 17. Bxc4 Rfb8 18. b3 Qe7 19. g5 Bg7 20. h4 a5 21. Qc2
a4 22. Nd2 axb3 23. Bxb3 Ra5 24. Nc4 Rc5 25. Kd2 Rb4 26. a3 Rcxc4 27. Bxc4 Rb2
28. Qxb2 Bxb2 29. Rb1 Qxe4 0-1